书目信息 |
| 题名: |
中国柴油植物
|
|
| 作者: | 龙春林 , 宋洪川 编著 | |
| 分册: | ||
| 出版信息: | 北京 科学出版社 2012 |
|
| 页数: | 283页 | |
| 开本: | 26cm | |
| 丛书名: | ||
| 单 册: | ||
| 中图分类: | S5 | |
| 科图分类: | ||
| 主题词: | 作物 , 生物能源 , 生物能源--柴油--作物--栽培技术--中国 , 柴油 | |
| 电子资源: | ||
| ISBN: | 978-7-03-033723-8 | |
| 000 | 01055nam0 2200289 45 | |
| 001 | 1355429108 | |
| 005 | 20130513145920.78 | |
| 010 | @a978-7-03-033723-8@dCNY75.00 | |
| 100 | @a20130108d2012 em y0chiy50 ea | |
| 101 | 0 | @achi |
| 102 | @aCN@b110000 | |
| 105 | @af z 001yy | |
| 106 | @ar | |
| 200 | 1 | @a中国柴油植物@AZhong Guo Chai You Zhi Wu@f龙春林,宋洪川编著@FLong Chun Lin, Song Hong Chuan Bian Zhu |
| 210 | @a北京@c科学出版社@d2012 | |
| 215 | @a283页@c图版@d26cm | |
| 300 | @a中国资源生物研究系列 | |
| 330 | @a本书除对能源、生物质能及其转换技术、植物油与生物柴油等进行了介绍,还描述了含油量较高的213种(变种)中国重要柴油植物,包括名称(中文名、拉丁学名及别名)、植物学特性、分布和生态习性、含油情况、栽培、管理和采收、其他用途和信息等内容。 | |
| 606 | 0 | @a作物 |
| 606 | 0 | @a生物能源 |
| 606 | 0 | @a生物能源@x柴油@x作物@x栽培技术@y中国 |
| 606 | 0 | @a柴油 |
| 690 | @aS5@v5 | |
| 701 | 0 | @a龙春林@ALong Chun Lin@4编著 |
| 701 | 0 | @a宋洪川@ASong Hong Chuan@4编著 |
| 801 | @aCN@bTANGWEI@c20130111 | |
| 905 | @b0831301-03@dS5@e46@f3 | |
| 中国柴油植物/龙春林,宋洪川编著.-北京:科学出版社,2012 |
| 283页:图版;26cm |
| 中国资源生物研究系列 |
| ISBN 978-7-03-033723-8:CNY75.00 |
| 本书除对能源、生物质能及其转换技术、植物油与生物柴油等进行了介绍,还描述了含油量较高的213种(变种)中国重要柴油植物,包括名称(中文名、拉丁学名及别名)、植物学特性、分布和生态习性、含油情况、栽培、管理和采收、其他用途和信息等内容。 |
| ● |
| 相关链接 |
|
|
|
|
正题名:中国柴油植物
索取号:S5/46
 
预约/预借
| 序号 | 登录号 | 条形码 | 馆藏地/架位号 | 状态 | 备注 |
| 1 | 0831301 | 208313010 | 第二样本阅览室/ [索取号:S5/46] | 在馆 | |
| 2 | 0831302 | 208313029 | 密集书库-化学系/ [索取号:S5/46] | 在馆 | |
| 3 | 0831303 | 208313038 | 第三借阅区/ [索取号:S5/46] | 在馆 |